000 00597nam a2200241Ia 4500
005 20250425161332.0
008 250425s9999 xx 000 0 und d
020 _a9681819446
041 _aspa
082 _a621.3028
100 _aHEISERMAN, RUSSELL L.
245 0 _aMANUAL DE ENTRENAMIENTO PARA TECNICOS ELECTRICISTAS INDUSTRIALES
250 _a1A ED.
260 _aMEXICO
260 _aMéxico
_bLIMUSA
_c1985
300 _a183
650 _aELECTRICISTAS
650 _aELECTROMECANICA
650 _aHERRAMIENTAS
650 _aMANTENIMIENTO
942 _c01
010 _a18015
999 _c207176
_d207176